The Office - Names - Statistics

General Stats
  • This quiz has been taken 14 times
  • The average score is 11 of 19
Answer Stats
Hint Answer % Correct
The name of the paper company Dunder Mifflin
100%
Todd's last name Packer
89%
Andy's nick name for Jim Big Tuna
78%
Phyllis' husband Bob Vance
78%
Oscar's last name Martinez
78%
Darryl's last name Philbin
78%
Erin Hannon's first name Kelly
67%
Dwight Schrute's middle name Kurt
67%
The security guard's first name Hank
56%
Meredith Palmer's son Jake
56%
Andy Bernard's nickety name Nard Dog
56%
Ryan Howard's middle name Bailey
44%
Plop's real name Pete
44%
The first name of the company founders Robert
44%
Toby Flenderson's daughter Sasha
44%
Angela's cat that Dwight "destroyed" Sprinkles
44%
However, Angela doesn't want that cat. Andy eventually gives Angela the same cat with a different name. What is that name? Bandit
22%
Dwight's replacement for the cat above Garbage
22%
Kelly Kapoor's middle name Rajnigandha
22%
No matching quizzes found
Score Distribution
Percent of People with Each Score
Percentile by Number Answered
Your Score History
You have not taken this quiz